000 00320nam a22001337a 4500
999 _c155296
_d155296
082 _a
_b
100 _aM.I Khan
100 _aB.K Nigam
245 _aEvaluation and research in curriculam construction/
_cby M.I Khan and B.K Nigam.
260 _a
_bKanushka,
_c1993.
300 _a315p.
650 _a
942 _cBK